Statistiken für Schweizer und Österreichische Flughäfen anhand Flughafencode

Klicken Sie hier um das Quiz zu spielen!

Allgemein

  • Dieses Quiz wurde 161 mal gespielt
  • Das Durchschnittsergebnis liegt bei 11 aus 14

Antwortstatistiken

Flughafencoden (IATA)Name des Flughafen% Korrekt
ZRHZürich
99%
BRNBern-Belp
97%
GRZGraz
97%
VIEWien-Schwechat
97%
BSL/MLH/EAPBasel-Müllhausen
96%
LNZLinz
96%
INNInnsbruck
95%
GVAGenf
94%
SZGSalzburg
88%
LUGLugano-Agno
86%
KLUKlagenfurt
79%
ACHSt. Gallen-Altenrhein
32%
SIRSitten
24%
SMVSamedan
12%

Verteilung der Resultate

Perzentil nach korrekt beantworteten Fragen

Anzahl Personen mit jedem Resultat

Ihre Resultats-Entwicklung

Sie haben dieses Quiz noch nicht gespielt